|
|
|
|
| LEADER |
02345nam a2200601 i 4500 |
| 001 |
nkc20233534124 |
| 003 |
CZ PrNK |
| 005 |
20231003110640.0 |
| 007 |
ta |
| 008 |
230720s2023 xr ach e 000 0 cze |
| 015 |
|
|
|a cnb003534124
|
| 020 |
|
|
|a 978-80-11-03526-6
|q (brožováno)
|
| 035 |
|
|
|a (OCoLC)1402155759
|
| 040 |
|
|
|a BOA001
|b cze
|d ABA001
|e rda
|
| 043 |
|
|
|a e-xr---
|b e-xr-st
|2 czenas
|
| 045 |
|
|
|a x3y2
|
| 072 |
|
7 |
|a 796
|x Sport. Hry. Tělesná cvičení
|2 Konspekt
|9 20
|
| 080 |
|
|
|a 796.332:061
|2 MRF
|
| 080 |
|
|
|a 796.332
|2 MRF
|
| 080 |
|
|
|a 796.332.093
|2 MRF
|
| 080 |
|
|
|a 796/799(091)
|2 MRF
|
| 080 |
|
|
|a (437.312)
|2 MRF
|
| 080 |
|
|
|a (082.2)
|2 MRF
|
| 100 |
1 |
|
|a Kadlec, Petr,
|d 1972-
|7 xx0221353
|4 aut
|
| 245 |
1 |
0 |
|a 90 let fotbalu Struhařov /
|c Petr Kadlec
|
| 246 |
3 |
|
|a Devadesát let fotbalu Struhařov
|
| 264 |
|
1 |
|a [Struhařov] :
|b Sokol Struhařov,
|c 2023
|
| 300 |
|
|
|a 104 stran :
|b ilustrace (převážně barevné), portréty, faksimile ;
|c 30 cm
|
| 336 |
|
|
|a text
|b txt
|2 rdacontent
|
| 336 |
|
|
|a statický obraz
|b sti
|2 rdacontent
|
| 337 |
|
|
|a bez média
|b n
|2 rdamedia
|
| 338 |
|
|
|a svazek
|b nc
|2 rdacarrier
|
| 610 |
2 |
7 |
|a Tělocvičná jednota Sokol Struhařov
|7 mzk20231200125
|2 czenas
|
| 648 |
|
4 |
|a 1933-2023
|
| 648 |
|
7 |
|a 20.-21. století
|7 ch462155
|2 czenas
|
| 650 |
0 |
7 |
|a fotbalové kluby
|7 ph138515
|z Česko
|y 20.-21. století
|2 czenas
|
| 650 |
0 |
7 |
|a fotbal
|7 ph114578
|z Česko
|y 20.-21. století
|2 czenas
|
| 650 |
0 |
7 |
|a fotbalové soutěže
|7 ph291732
|z Česko
|y 20.-21. století
|2 czenas
|
| 650 |
0 |
7 |
|a dějiny sportu
|7 ph488972
|z Česko
|y 20.-21. století
|2 czenas
|
| 650 |
0 |
9 |
|a soccer clubs
|z Czechia
|y 20th-21st centuries
|2 eczenas
|
| 650 |
0 |
9 |
|a soccer
|z Czechia
|y 20th-21st centuries
|2 eczenas
|
| 650 |
0 |
9 |
|a soccer competitions
|z Czechia
|y 20th-21st centuries
|2 eczenas
|
| 650 |
0 |
9 |
|a history of sports
|z Czechia
|y 20th-21st centuries
|2 eczenas
|
| 651 |
|
7 |
|a Struhařov (Praha-východ, Česko)
|7 ge881449
|2 czenas
|
| 651 |
|
9 |
|a Struhařov (Praha-východ, Czechia)
|2 eczenas
|
| 655 |
|
7 |
|a jubilejní publikace
|7 fd131839
|2 czenas
|
| 655 |
|
9 |
|a jubilee books
|2 eczenas
|
| 910 |
2 |
|
|a BOA001
|b 4-1512.399
|
| 928 |
9 |
|
|a Tělocvičná jednota Sokol Struhařov
|
| 990 |
|
|
|a BK
|
| 995 |
|
|
|a 01
|
| 991 |
|
|
|b 202309
|c NOV
|
| 996 |
6 |
|
|b 2610947381
|c 4-1512.399
|l MZK
|r Sklad / do 1 hodiny
|n 0
|p p.v.
|w 001937235
|u 000010
|a 1
|e BOA001
|j MZK50
|s P
|